| 000 | 00550nam a2200193Ia 4500 | ||
|---|---|---|---|
| 003 | LK-CoDNM | ||
| 008 | 010623t1975 xxu||||| |||| 00| 1 eng d | ||
| 040 |
_aLK-CoDNM _dLK-CoDNM _eLK-CoDNM |
||
| 041 | _aeng | ||
| 080 | _a973(1917)MAY | ||
| 100 |
_aCoit,Margaret.L _eed. |
||
| 245 | _aThe Life History of the United States : The Grwing Years(1789-1829) | ||
| 260 |
_bTime Life Books _aNew York _c1975 |
||
| 300 | _b175P,ill,Map,52Pl., 27 cm | ||
| 650 | _aHectic Era | ||
| 650 | _aThe Republic Launched | ||
| 700 | _aGraff,Henry.F | ||
| 942 | _cBK | ||
| 999 |
_c109595 _d109595 |
||